Keynes and after

Shranjeno v:
Bibliografske podrobnosti
Glavni avtor: Stewart, Michael
Format: Knjiga
Jezik:Undetermined
Izdano: London Penguin Books 1972
Teme:
Oznake: Označite
Brez oznak, prvi označite!
Thư viện lưu trữ: Trung tâm Học liệu Trường Đại học Cần Thơ
LEADER 00483nam a2200181Ia 4500
001 CTU_80383
008 210402s9999 xx 000 0 und d
082 |a 330.15 
082 |b S851 
100 |a Stewart, Michael 
245 0 |a Keynes and after 
245 0 |c Michael Stewart 
260 |a London 
260 |b Penguin Books 
260 |c 1972 
650 |a Economic history,Keynesian economics 
904 |i Trọng Hải 
980 |a Trung tâm Học liệu Trường Đại học Cần Thơ